Commonly Asked About Literature Quiz Stats

Quiz Updated Mar 5, 2012

Also try: Literature FMLs
Challenge
Share
Tweet
Embed
Score 0/100 Timer 12:00
0 Plays Today
Year Work % Correct
1594Romeo and Juliet
94.5%
1601Hamlet
90.7%
1813Pride and Prejudice
85.7%
19481984
84.7%
1925The Great Gatsby
82.1%
1851Moby-Dick
81.2%
8th century BCOdyssey
80.3%
1606Macbeth
79.9%
1884The Adventures of Huckleberry Finn
78.9%
8th century BCIliad
78.6%
1951The Catcher in the Rye
76.8%
1960To Kill a Mockingbird
75.7%
1945Animal Farm
73.5%
1865War and Peace
71.3%
1868Little Women
70.7%
1876The Adventures of Tom Sawyer
69.5%
1622Othello
68.8%
1850The Scarlet Letter
68%
1859A Tale of Two Cities
67.7%
c. 1310-1314Inferno
67.4%
1314The Divine Comedy
67.3%
1939The Grapes of Wrath
66.5%
1595A Midsummer Night's Dream
66.4%
1387The Canterbury Tales
63.2%
1847Jane Eyre
62.4%
1605King Lear
61.7%
1852Uncle Tom's Cabin
61.7%
1847Wuthering Heights
61.4%
1667Paradise Lost
59.9%
1838Oliver Twist
58.5%
1866Crime and Punishment
57%
1961Catch-22
56.1%
1861Great Expectations
55.4%
1811Sense and Sensibility
54.9%
Year Work % Correct
1922Ulysses
54.8%
1954Lord of the Flies
53.8%
1932Brave New World
53.5%
1903The Call of the Wild
53.3%
1611The Tempest
53.2%
1605Don Quixote
52.8%
1902Heart of Darkness
52.5%
1949Death of a Salesman
52.2%
1906The Jungle
50.4%
1862Les Misérables
49.7%
1844The Three Musketeers
49%
1955Lolita
48.3%
1877Anna Karenina
48.3%
1969Slaughterhouse Five
48.2%
1599Julius Caesar
46.6%
1953The Crucible
45.7%
1947A Streetcar Named Desire
43.8%
1593The Taming of the Shrew
42.4%
1596The Merchant of Venice
42.4%
1940For Whom the Bell Tolls
40.3%
1845The Count of Monte Cristo
39.1%
1623Twelfth Night
38.8%
1598Much Ado about Nothing
38.5%
1982The Color Purple
38.3%
1593Richard III
38.3%
1850David Copperfield
37.9%
1759Candide
37.2%
1929A Farewell to Arms
36.4%
1926The Sun Also Rises
36%
1967One Hundred Years of Solitude
35.9%
1895The Red Badge of Courage
34.9%
430 BCOedipus Tyrannus
33.7%
1929The Sound and the Fury
33.4%
19 BCAeneid
32.6%
Year Work % Correct
1808Faust
29.6%
1958Things Fall Apart
28.7%
1599As You Like It
28.6%
1912Pygmalion
28.3%
1945The Glass Menagerie
28.2%
1922The Waste Land
27.9%
1879A Doll's House
27.3%
1848Vanity Fair
25.4%
1938Our Town
25%
8th centuryBeowulf
24.4%
441 BCAntigone
23%
1891Tess of the d'Urbervilles
22.3%
1929All Quiet on the Western Front
22.2%
1678Pilgrim's Progress
22%
1820Ivanhoe
21.8%
1797The Rime of the Ancient Mariner
19.7%
1959A Raisin in the Sun
18.5%
1851The House of the Seven Gables
17.6%
1891Billy Budd: Foretopman
17.2%
1600The Merry Wives of Windsor
16.8%
1946All the King's Men
16.3%
1794The Tyger
14.8%
1353Decameron
14.1%
1898The Turn of the Screw
13.9%
1819Ode on a Grecian Urn
13.7%
1961Who's Afraid of Virginia Woolf?
13.2%
1714The Rape of the Lock
12%
1936Absalom, Absalom!
11.9%
1956Long Day's Journey Into Night
10.7%
1916Chicago
10.1%
1920Main Street
9.2%
1798Lyrical Ballads
5.9%

You're not logged in!

Compare scores with friends on all Sporcle quizzes.
Sign Up with Email
OR
Log In

You Might Also Like...

Show Comments

Extras

Top Quizzes Today


Score Distribution

Your Account Isn't Verified!

In order to create a playlist on Sporcle, you need to verify the email address you used during registration. Go to your Sporcle Settings to finish the process.